Jaque al Rey (Record no. 185407)

MARC details
000 -LEADER
campo de control de longitud fija 01025nam a2200277 i 4500
001 - NÚMERO DE CONTROL
campo de control 185407
003 - IDENTIFICADOR DE NÚMERO DE CONTROL
campo de control SpMaBN
005 - FECHA Y HORA DE LA ÚLTIMA TRANSACCIÓN
campo de control 20250627063704.0
008 - DATOS DE LONGITUD FIJA--INFORMACIÓN GENERAL
campo de control de longitud fija 160531s1983 sp aco |||| |dspa d
020 ## - NÚMERO INTERNACIONAL ESTÁNDAR DEL LIBRO
Número Internacional Estándar del Libro 84-320-5692-8
080 ## - NÚMERO DE LA CLASIFICACIÓN DECIMAL UNIVERSAL
Número de la Clasificación Decimal Universal 323.276(460)"1981"
080 ## - NÚMERO DE LA CLASIFICACIÓN DECIMAL UNIVERSAL
Número de la Clasificación Decimal Universal 94(460)"1981"
100 1# - ENTRADA PRINCIPAL--NOMBRE DE PERSONA
Nombre de persona Segura, Santiago,
Fechas asociadas al nombre 1918-1983
9 (RLIN) 159709
245 10 - MENCIÓN DEL TÍTULO
Título Jaque al Rey
Resto del título : los "enigmas" y las "incongruencias" del 23-F_ dos años después /
Mención de responsabilidad, etc. Santiago Segura y Julio Merino ; prólogo de Milans del Bosch.
250 ## - MENCION DE EDICION
Mención de edición 1ª ed.
260 ## - PUBLICACIÓN, DISTRIBUCIÓN, ETC.
Lugar de publicación, distribución, etc. Barcelona :
Nombre del editor, distribuidor, etc. Planeta,
Fecha de publicación, distribución, etc. 1983.
300 ## - DESCRIPCIÓN FÍSICA
Extensión 248 p. :
Otras características físicas il., retr. ;
Dimensiones 24 cm.
490 1# - MENCIÓN DE SERIE
Mención de serie Espejo de España.
-- La historia viva ;
Designación de volumen o secuencia 92
500 ## - NOTA GENERAL
Nota general Índices.
651 #7 - PUNTO DE ACCESO ADICIONAL DE MATERIA--NOMBRE GEOGRÁFICO
Nombre geográfico España-
Subdivisión general Historia-
Subdivisión cronológica 1981, Golpe de Estado.
9 (RLIN) 8339
700 1# - ENTRADA AGREGADA--NOMBRE PERSONAL
Nombre de persona Merino, Julio.
9 (RLIN) 80525
700 1# - ENTRADA AGREGADA--NOMBRE PERSONAL
Nombre de persona Milans del Bosch, Jaime.
9 (RLIN) 159710
830 0# - PUNTO DE ACCESO ADICIONAL DE SERIE-TÍTULO UNIFORME
Título uniforme Espejo de España.
-- La historia viva
Designación de volumen o secuencia 92
9 (RLIN) 225203
852 ## - LOCALIZACIÓN
Ubicación ES-MaACL
Número de control de estantería L-30297
Nota libre . - Donat. Carmen Zumárraga
Holdings
Estatus retirado Estado de pérdida Estado de daño No para préstamo Biblioteca de origen Biblioteca actual Ubicación en estantería Fecha de adquisición Fuente de adquisición Total de préstamos Signatura topográfica completa Código de barras Visto por última vez Precio de reemplazo Tipo de ítem Koha
        Biblioteca del Ateneo de Madrid Biblioteca del Ateneo de Madrid Depósito 2 31/05/2016     L-30297 1195335 23/02/2023 23/02/2023 Libro impreso